Auszlegung der Euangelien/ Von den fủrnembsten Festen/ durch das gantze Jar Fủr die Jungen Christen/ Knaben vnd Meydlein/ in Fragstủcke verffaset

Podrobná bibliografia
Hlavný autor: Spangenberg, Johann, 1484-1550 (Autor, Dedikátor)
Korporácia: Daubmann, Hans (Norimberg, Nemecko) (Tlačiar), Rada mesta (Magdeburg, Nemecko) (Tlačiar)
Ďalší autori: Daubmann, Hans, zomrel 1573 (Tlačiar)
Médium: Kniha
Jazyk:nemčina
Fyzický popis:121 listov 2°
Vydavateľské údaje: Gedruckt zu Nủrnberg durch Johann Daubmann 1550
Predmet:

MARC

LEADER 00000nam a2200000 a 4500
001 vtls001516159
003 SK-MaSNL
005 20260302073851.0
008 251112s1550 gw a f 01000 ger
015 |a SNBHFA1550 
035 |a P2k17042Bap 
040 |a SNKHF  |b slo  |c SNK  |e AACR2 
041 0 |a ger 
044 |a gw  |c DE 
072 7 |a 2-1  |x Prirodzená teológia. Náboženská filozofia  |2 konspekt 
080 |a 2‑1  |2 2011 
080 |a 2‑21  |2 2011 
080 |a 27‑426  |2 2011 
100 1 |a Spangenberg, Johann,  |d 1484-1550  |4 aut  |4 dto  |9 176936 
245 1 0 |a Auszlegung der Euangelien/ Von den fủrnembsten Festen/ durch das gantze Jar  |b Fủr die Jungen Christen/ Knaben vnd Meydlein/ in Fragstủcke verffaset  |c Durch M. Johañ. Spangenberg. Der Keyserlichen Stat Northausen Prediger. 121 list 
260 |a Gedruckt zu Nủrnberg  |b durch Johann Daubmann  |c 1550 
300 |a 121 listov  |a 2° 
500 |a Signet, vlysy, iniciálky s ornamentálnym a figurálnym pozadím vo voľnom priestore a v rámčeku na 2, 4 a 5 riadkov, titulný list červeno-čiernou tlačou, drevorezy s biblickými výjavmi 
501 |a Príväzok 2. k: SPANGENBERG, Johann. Postilla Teutsch Auszlegung der Episteln vnnd Euangelien/ auff alle Sontag vnnd Fủrnembsten Feste durch das gantze Jar. Gedruckt zu Nürnberg: durch Johann Daubman, 1550.  |5 SNK IB 74001 
504 |a Kustody 
508 |a Dedikácia: Spangenberg, Johann; Magdeburg - rada mesta 
510 4 |a VD 16 ZV/26781 
546 |a Nemčina  |b Fraktúra 
561 |a Z knižnice františkánov Bratislava.  |5 SNK IB 74001/prív.2 
650 0 7 |a teológia  |2 SNKPH  |9 1814 
650 0 7 |a kresťanstvo  |2 SNKPH  |9 2024 
650 0 7 |a náboženstvo  |2 SNKPH  |9 2023 
700 1 |a Daubmann, Hans,  |d zomrel 1573  |4 prt  |9 72521 
710 0 |a Daubmann, Hans (Norimberg, Nemecko),  |d 1545-1553  |4 prt  |9 396796 
710 1 |a Františkáni (Bratislava, Slovensko)  |4 fmo  |9 281881 
710 1 |a Rada mesta (Magdeburg, Nemecko)  |4 prt  |9 738799 
752 |a Nemecko  |d Norimberg 
852 |a snk  |b Františkáni Bratislava  |p IB 74001/prív.2 
958 |a DA 
999 |c 1162677  |d 1164607 
952 |t Fr Ba 17 042  |a SNK  |b SNK  |c SNK_HF  |y PREZ  |7 0  |p 17A1303313  |o snkIB 74001/prív.2  |i snk2020/5895  |8 5  |z 2. príväzok  |0 0  |1 0  |4 0  |d 2005-04-05  |l 0  |r 2005-04-05 00:00:00  |w 2026-02-24